Countries With The Most Island - Statistics

General Stats
  • This quiz has been taken 19 times
  • The average score is 16 of 20
Answer Stats
% Answer % Correct
0.5 Italy
94%
16 Canada
88%
9 Chile
88%
3 Greece
88%
61 Malaysia
88%
6 Russia
88%
0.5 South Korea
88%
4 Sweden
88%
2 United States
88%
0.7 China
82%
0.1 France
82%
12 Norway
82%
0.6 Argentina
76%
99 Denmark
76%
0.3 India
76%
0.1 Mexico
71%
0.2 Brazil
65%
0.8 Turkey
65%
1.5 Croatia
59%
0.1 Germany
41%
No matching quizzes found
Score Distribution
Percent of People with Each Score
Percentile by Number Answered
Your Score History
You have not taken this quiz